El seguro de cumplimiento de contratos estatales en Colombia / (Registro nro. 4726)

Detalles MARC
000 -LEADER
fixed length control field 00871nam a2200229Ia 4500
003 - CONTROL NUMBER IDENTIFIER
control field OSt
005 - DATE AND TIME OF LATEST TRANSACTION
control field 20200819093500.0
008 - FIXED-LENGTH DATA ELEMENTS--GENERAL INFORMATION
fixed length control field 191128s2011 ck gr 000 0 spa d
020 ## - INTERNATIONAL STANDARD BOOK NUMBER
International Standard Book Number 9789587106770
040 ## - CATALOGING SOURCE
Original cataloging agency Co-JMCR
Transcribing agency Co-JMCR
041 0# - LANGUAGE CODE
Language code of text/sound track or separate title spa
082 04 - DEWEY DECIMAL CLASSIFICATION NUMBER
Classification number 368.06 /
Item number O726s
Edition number 23
100 1# - MAIN ENTRY--PERSONAL NAME
Personal name Ordóñez Ordóñez, Andrés E.,
Relator term autor
9 (RLIN) 8892
245 #0 - TITLE STATEMENT
Title El seguro de cumplimiento de contratos estatales en Colombia /
Statement of responsibility, etc. Andrés E. Ordóñez Ordóñez
250 ## - EDITION STATEMENT
Edition statement Primera edición
260 ## - PUBLICATION, DISTRIBUTION, ETC.
Place of publication, distribution, etc. Bogotá :
Name of publisher, distributor, etc. Universidad Externado de Colombia,
Date of publication, distribution, etc. 2011.
300 ## - PHYSICAL DESCRIPTION
Extent 115 páginas
Dimensions 23 cm.
505 0# - FORMATTED CONTENTS NOTE
Formatted contents note El seguro de cumplimiento -- El seguro de caución -- Algunas características de la garantía única de cumplimiento de contratos estatales en Colombia
650 24 - SUBJECT ADDED ENTRY--TOPICAL TERM
Topical term or geographic name entry element Cumplimiento de seguros
9 (RLIN) 8727
650 24 - SUBJECT ADDED ENTRY--TOPICAL TERM
Topical term or geographic name entry element Seguro de créditos
9 (RLIN) 8728
942 ## - ADDED ENTRY ELEMENTS (KOHA)
Source of classification or shelving scheme Dewey Decimal Classification
Koha item type Books
Existencias
Withdrawn status Lost status Source of classification or shelving scheme Materials specified (bound volume or other part) Damaged status Not for loan Home library Current library Shelving location Date acquired Source of acquisition Full call number Barcode Date last seen Copy number Price effective from Koha item type
    Dewey Decimal Classification Donación--15/04/2018--     Biblioteca Pública José María del Castillo y Rada Biblioteca Pública José María del Castillo y Rada General Stacks 11/28/2019 Donación 368 .06 / O726s 430000057 05/16/2024 Ej.2 11/28/2019 Books